书目信息 |
| 题名: |
宋之的剧作全集
|
|
| 作者: | 宋之的 著 ;宋时 编 | |
| 分册: | 1 | |
| 出版信息: | 北京 中国戏剧出版社 1986 |
|
| 页数: | 572页 | |
| 开本: | 20cm | |
| 丛书名: | ||
| 单 册: | ||
| 中图分类: | I234.6 | |
| 科图分类: | ||
| 主题词: | 话剧-剧本--中国--选集 , 剧本-话剧--中国--选集 | |
| 电子资源: | ||
| ISBN: | ||
| 000 | 00763nam0 2200277 45 | |
| 001 | 0186014361 | |
| 005 | 20040415164644.0 | |
| 010 | @b精装@dCNY3.50 | |
| 010 | @b平装@d3.50元 | |
| 091 | @aCN@b8069.871 | |
| 100 | @a19900813d1986 kemy0chiy0121 ea | |
| 101 | 0 | @achi |
| 102 | @aCN@b110000 | |
| 105 | @af z 000by | |
| 106 | @ar | |
| 200 | 10 | @a宋之的剧作全集@Asong zhi de ju zuo quan ji@h1@f宋之的著@g宋时编 |
| 210 | @a北京@c中国戏剧出版社@d1986 | |
| 215 | @a572页@c照片@d20cm | |
| 606 | @a话剧-剧本@y中国@x选集 | |
| 606 | @a剧本-话剧@y中国@x选集 | |
| 690 | @aI234.6@v3 | |
| 701 | 0 | @a宋之的@Asong zhi de@4著 |
| 702 | 0 | @a宋时@Asong shi@4编 |
| 801 | 0 | @aCN@b深圳图书馆@c20040415 |
| 801 | 2 | @aCN@bNLC@c20040415 |
| 905 | @f1@b163458@dI234.6@e80:1 | |
| 宋之的剧作全集.1/宋之的著/宋时编.-北京:中国戏剧出版社,1986 |
| 572页:照片;20cm |
| ISBN (精装):CNY3.50 |
| ● |
| 相关链接 |
|
|
|
|
正题名:宋之的剧作全集
索取号:I234.6/80:1
 
预约/预借
| 序号 | 登录号 | 条形码 | 馆藏地/架位号 | 状态 | 备注 |
| 1 | 0163458 | 000767441 | 第二借阅区/ [索取号:I234.6/80:1] | 在馆 | |
| 2 | 0163459 | 202082487 | 第一样本阅览室/ [索取号:I234.6/80:1] | 在馆 |